Địa mạo đại cương

שמור ב:
מידע ביבליוגרפי
מחבר ראשי: Đào Đình Bắc
פורמט: ספר
שפה:Undetermined
יצא לאור: Hà Nội Đại học Quốc gia Hà Nội 2000
נושאים:
תגים: הוספת תג
אין תגיות, היה/י הראשונ/ה לתייג את הרשומה!
Thư viện lưu trữ: Trung tâm Học liệu Trường Đại học Cần Thơ
LEADER 00492nam a2200169Ia 4500
001 CTU_39431
008 210402s9999 xx 000 0 und d
082 |a 551.4 
082 |b B113 
100 |a Đào Đình Bắc 
245 0 |a Địa mạo đại cương 
245 0 |c Đào Đình Bắc 
260 |a Hà Nội 
260 |b Đại học Quốc gia Hà Nội 
260 |c 2000 
650 |a geology, structural 
980 |a Trung tâm Học liệu Trường Đại học Cần Thơ